Text book of hydraulic machines (Record no. 10732)

000 -LEADER
fixed length control field 00441nam a22001817a 4500
001 - CONTROL NUMBER
control field 10732
003 - CONTROL NUMBER IDENTIFIER
control field BD-DhUET
008 - FIXED-LENGTH DATA ELEMENTS--GENERAL INFORMATION
fixed length control field 150209b xxu||||| |||| 00| 0 eng d
040 ## - CATALOGING SOURCE
Transcribing agency 0
Modifying agency BD-DhUET
082 ## - DEWEY DECIMAL CLASSIFICATION NUMBER
Classification number 621.2
Item number KHU/1985
100 ## - MAIN ENTRY--PERSONAL NAME
Personal name Khurmi, R. S.
245 ## - TITLE STATEMENT
Title Text book of hydraulic machines
250 ## - EDITION STATEMENT
Edition statement 14th ed.
260 ## - PUBLICATION, DISTRIBUTION, ETC. (IMPRINT)
Place of publication, distribution, etc. New Delhi
Name of publisher, distributor, etc. S. Chand
Date of publication, distribution, etc. 1985
300 ## - PHYSICAL DESCRIPTION
Extent vii, v.p.
Other physical details ill.
650 #0 - SUBJECT ADDED ENTRY--TOPICAL TERM
Topical term or geographic name as entry element Hydraulic Machines
942 ## - ADDED ENTRY ELEMENTS (KOHA)
Koha item type General Book
Holdings
Damaged status Koha item type Price effective from Piece designation (barcode) Withdrawn status Sublocation or collection (holding branch) Not for loan Shelving location Source of classification or shelving scheme Koha normalized classification for sorting Koha date last seen Location (home branch) Date acquired Koha full call number Copy number Lost status
 General Book2015-02-0964129 Central Library, BUET Circulation section 621_200000000000000_KHU_19852015-02-09Central Library, BUET2015-02-09621.2/KHU/19851 
 General Book2015-02-0964154 Central Library, BUET Circulation section 621_200000000000000_KHU_19852015-02-09Central Library, BUET2015-02-09621.2/KHU/19852 
 General Book2015-02-0964142 Central Library, BUET Circulation section 621_200000000000000_KHU_19852015-02-09Central Library, BUET2015-02-09621.2/KHU/19853 
 General Book2015-02-0956685 Central Library, BUET Circulation section 621_200000000000000_KHU_19852015-02-09Central Library, BUET2015-02-09621.2/KHU/19854 
 General Book2015-02-0964155 Central Library, BUET Circulation section 621_200000000000000_KHU_19852015-06-22Central Library, BUET2015-02-09621.2/KHU/19855 
 General Book2015-02-0964132 Central Library, BUET Circulation section 621_200000000000000_KHU_19852015-02-09Central Library, BUET2015-02-09621.2/KHU/19856 
 General Book2015-02-0964136 Central Library, BUET Circulation section 621_200000000000000_KHU_19852015-02-09Central Library, BUET2015-02-09621.2/KHU/19857 
 General Book2015-02-0964153 Central Library, BUET Circulation section 621_200000000000000_KHU_19852015-02-09Central Library, BUET2015-02-09621.2/KHU/19858 
 General Book2015-02-0964134 Central Library, BUET Circulation section 621_200000000000000_KHU_19852015-02-09Central Library, BUET2015-02-09621.2/KHU/19859 
 General Book2015-02-0964150 Central Library, BUET Circulation section 621_200000000000000_KHU_19852015-02-09Central Library, BUET2015-02-09621.2/KHU/198510 
 General Book2015-02-0964137 Central Library, BUET Circulation section 621_200000000000000_KHU_19852015-02-09Central Library, BUET2015-02-09621.2/KHU/198511 
 General Book2015-02-0964139 Central Library, BUET Circulation section 621_200000000000000_KHU_19852015-02-09Central Library, BUET2015-02-09621.2/KHU/198512